000 00362nam a2200133Ia 4500
008 151001s9999||||xx |||||||||||||| ||und||
100 _aव बा बोधे
245 _aरान चिमणी
250 _a1
260 _bगुलमोहर प्रकाशन सातारा
260 _c1986
300 _a184
365 _b18
999 _c965132
_d965129